000 00632nam a2200181 i 4500
001 82375
003 ES-MaACL
005 20230906174649.0
007 t|
008 041110s1937 cu ||||1| spa d
100 1 _aInfiesta, Ramón.
_965272
245 1 0 _aMáximo Gómez
_b: obra premiada en el Concurso Extraordinario del Centenario de su nacimiento /
_cpor Ramón Infiesta.
260 _aLa Habana :
_b[s.n.],
_c1937 (
_fImp. El Siglo XX)
300 _a252 p. ;
_c21 cm.
500 _aPrecede al tít.: Academia de la Historia de Cuba.
710 2 _aAcademia de la Historia de Cuba.
_91183
852 _aES-MaACL
_jA-342
_bR.16638
999 _c82375
_d82375